000 00490nam a2200169Ia 4500
008 220216s9999 xx 000 0 und d
100 _aJoseph P
245 0 _aAgro-economic evaluation of different weed control methods in rubber plantation
260 _bJournal of Plantation Crops
_c2013
300 _a380-383
650 _aCost of weed control
650 _aRubber plantation
650 _aWeed control methods
650 _aWeed regeneration
700 _aJessy M D
942 _cBS
999 _c48559
_d48559